[Event "COL pre olympic sf"]
[Site "Bogota"]
[Date "2016.05.27"]
[Round "4"]
[White "Martinez, Jorge Alexander"]
[Black "Nieto, Manuel Valerio Wald"]
[Result "1-0"]
[WhiteElo "2204"]
[BlackElo "2057"]
[PlyCount "87"]
[EventDate "2016.05.25"]
[EventType "swiss"]
[EventRounds "9"]
[EventCountry "COL"]
[SourceTitle "CBM 172 Extra"]
[Source "ChessBase"]
[SourceDate "2016.06.21"]
[SourceVersion "1"]
[SourceVersionDate "2016.06.21"]
[SourceQuality "1"]

1. e4 c5 2. Nf3 e6 3. d4 cxd4 4. Nxd4 a6 5. c4 Nf6 6. Nc3 Bb4 7. Qc2 Qc7 8. Bd2 Nc6 9. Nxc6 dxc6 10. g3 e5 11. Bg2 0-0 12. 0-0 Rd8 13. a3 Be7 14. h3 b5 15. Be3 Be6 16. c5 a5 17. f4 a4 18. Na2 Bc4 19. Rfd1 Rxd1+ 20. Qxd1 Rd8 21. Qe1 Nd7 22. Qf2 exf4 23. gxf4 Qa7 24. Nb4 Bxc5 25. Bxc5 Qxc5 26. Rd1 Qxf2+ 27. Kxf2 Kf8 28. e5 Ke8 29. Bxc6 Ke7 30. Bb7 Nb8 31. Rxd8 Kxd8 32. Ke3 Ke7 33. Kd4 Nd7 34. Nd5+ Kd8 35. Bc6 Nf8 36. f5 g6 37. Ne3 Be2 38. Bd5 Ke7 39. f6+ Ke8 40. Kc5 Nd7+ 41. Kd6 Nb6 42. Bc6+ Kd8 43. e6 Nc8+ 44. Ke5 1-0

[Event "Bogota Samana Santa op 4th"]
[Site "Bogota"]
[Date "2016.05.09"]
[Round "6"]
[White "Conti, Julian"]
[Black "Nieto, Manuel Valerio Wald"]
[Result "1/2-1/2"]
[WhiteElo "2000"]
[BlackElo "2057"]
[PlyCount "71"]
[EventDate "2016.05.06"]
[EventType "swiss"]
[EventRounds "7"]
[EventCountry "COL"]
[SourceTitle "EXT 2017"]
[Source "ChessBase"]
[SourceDate "2016.10.25"]
[SourceVersion "1"]
[SourceVersionDate "2016.10.25"]
[SourceQuality "1"]

1. e4 c5 2. Nf3 a6 3. d4 cxd4 4. Nxd4 e6 5. Nc3 Qc7 6. g3 Bb4 7. Qd3 Nc6 8. Bg2 Nf6 9. Nxc6 dxc6 10. Bg5 Be7 11. f4 e5 12. f5 0-0 13. 0-0-0 b5 14. h4 Rd8 15. Qe2 Bb7 16. g4 b4 17. Na4 c5 18. b3 Bc6 19. Rxd8+ Rxd8 20. Bxf6 gxf6 21. Nb2 Bb5 22. Qe3 c4 23. Kb1 Bc5 24. Qh6 cxb3 25. axb3 Bd4 26. Qxf6 Bxb2 27. Qg5+ Kf8 28. Kxb2 Qc3+ 29. Kb1 Rd2 30. Rc1 Bd3 31. Qd8+ Kg7 32. f6+ Kg6 33. Qg8+ Kxf6 34. Qd8+ Ke6 35. Qe8+ Kd6 36. Qd8+ 1/2-1/2

[Event "Bogota Samana Santa op 4th"]
[Site "Bogota"]
[Date "2016.05.08"]
[Round "5"]
[White "Nieto, Manuel Valerio Wald"]
[Black "Lopez Ramirez, Jorge Hernan"]
[Result "1-0"]
[WhiteElo "2057"]
[BlackElo "1995"]
[PlyCount "167"]
[EventDate "2016.05.06"]
[EventType "swiss"]
[EventRounds "7"]
[EventCountry "COL"]
[SourceTitle "EXT 2017"]
[Source "ChessBase"]
[SourceDate "2016.10.25"]
[SourceVersion "1"]
[SourceVersionDate "2016.10.25"]
[SourceQuality "1"]

1. c4 b6 2. d4 e6 3. Bf4 Bb4+ 4. Nd2 Nf6 5. Ngf3 Nh5 6. Bg5 f6 7. Bh4 g5 8. Bg3 Nxg3 9. hxg3 Qe7 10. e3 Bb7 11. a3 Bxd2+ 12. Nxd2 c5 13. dxc5 Qxc5 14. Qh5+ Kd8 15. 0-0-0 Qe7 16. Nf3 Na6 17. Nd4 Nc5 18. f3 a6 19. Bd3 Nxd3+ 20. Rxd3 Rc8 21. Rc3 b5 22. cxb5 Rxc3+ 23. bxc3 Qxa3+ 24. Kd2 axb5 25. Qf7 Rf8 26. Qxh7 Qd6 27. Qd3 Ba6 28. Ra1 Ke7 29. Nf5+ exf5 30. Qxd6+ Kxd6 31. Rxa6+ Kc5 32. Kd3 g4 33. Ra7 Rf7 34. Ra8 gxf3 35. gxf3 Rg7 36. Rc8+ Kd6 37. Rb8 Rxg3 38. Rxb5 f4 39. Rf5 Rxf3 40. Rxf6+ Kc5 41. Rxf4 Rh3 42. Rf5+ Kc6 43. Kd4 Rh1 44. Rf6+ d6 45. e4 Rd1+ 46. Kc4 Re1 47. Kd3 Rd1+ 48. Ke2 Rc1 49. Kd2 Rh1 50. e5 Rh2+ 51. Kd3 Rh3+ 52. Kc4 Rh4+ 53. Kb3 Re4 54. Rxd6+ Kc5 55. Re6 Re3 56. Re8 Kb5 57. e6 Kc5 58. Ka4 Re4+ 59. Ka5 Re1 60. Rc8+ Kd6 61. Kb5 Rb1+ 62. Kc4 Kxe6 63. Rd8 Ke7 64. Rd5 Ke6 65. Kc5 Rb7 66. c4 Rc7+ 67. Kb5 Rc8 68. Rd4 Rb8+ 69. Kc6 Rc8+ 70. Kb7 Rc5 71. Kb6 Rc8 72. c5 Rb8+ 73. Kc7 Rb1 74. c6 Rc1 75. Kb7 Ke7 76. c7 Rb1+ 77. Kc8 Rc1 78. Rd2 Rc3 79. Re2+ Kf7 80. Re4 Kf6 81. Kd7 Rd3+ 82. Kc6 Rc3+ 83. Kd6 Kf7 84. Re5 1-0

[Event "Bogota Samana Santa op 4th"]
[Site "Bogota"]
[Date "2016.05.07"]
[Round "2"]
[White "Nieto, Manuel Valerio Wald"]
[Black "Gutierrez, Carlos"]
[Result "1-0"]
[WhiteElo "2057"]
[BlackElo "1791"]
[PlyCount "127"]
[EventDate "2016.05.06"]
[EventType "swiss"]
[EventRounds "7"]
[EventCountry "COL"]
[SourceTitle "EXT 2017"]
[Source "ChessBase"]
[SourceDate "2016.10.25"]
[SourceVersion "1"]
[SourceVersionDate "2016.10.25"]
[SourceQuality "1"]

1. Nf3 Nf6 2. c4 g6 3. d4 Bg7 4. Bf4 0-0 5. Nc3 d6 6. e3 Qe8 7. h3 e5 8. dxe5 Nh5 9. Bh2 Bxe5 10. Nxe5 dxe5 11. Nd5 Na6 12. g4 c6 13. gxh5 cxd5 14. hxg6 d4 15. gxh7+ Kh8 16. Qh5 f6 17. Qxe8 Rxe8 18. exd4 exd4+ 19. Kd2 Nc5 20. f3 a5 21. Bd6 b6 22. Bc7 Re6 23. Re1 Rc6 24. Re8+ Kxh7 25. Re7+ Kh8 26. Rg1 Bf5 27. Bf4 Rg8 28. Rxg8+ Kxg8 29. Re8+ Kf7 30. Rd8 Ne6 31. Rd6 Rc5 32. Bg3 b5 33. Rd5 Rxd5 34. cxd5 Ng5 35. Be2 Bxh3 36. Kd3 Bg2 37. Kxd4 Nxf3+ 38. Kc5 Nd2 39. Be1 Nc4 40. Bxc4 bxc4 41. Bxa5 Bf1 42. Bc7 f5 43. Bf4 Ke7 44. a4 Kd7 45. a5 Bd3 46. Kd4 Be2 47. Ke5 Bd3 48. Kf6 Be4 49. d6 Bd3 50. Ke5 Be4 51. Kd4 Bd3 52. a6 Ke6 53. Kc5 c3 54. bxc3 Bxa6 55. Kc6 Bc8 56. c4 Bd7+ 57. Kc7 Be8 58. Be3 Ba4 59. c5 Kd5 60. d7 Bxd7 61. Kxd7 f4 62. Bf2 Ke4 63. c6 Kf3 64. Bb6 1-0

[Event "COL pre olympic sf1"]
[Site "Medellin"]
[Date "2016.03.23"]
[Round "2"]
[White "Nieto, Manuel Valerio Wald"]
[Black "Vittorino, Carlo Giovanni"]
[Result "0-1"]
[WhiteElo "2136"]
[BlackElo "2307"]
[PlyCount "68"]
[EventDate "2016.03.22"]
[EventType "swiss"]
[EventRounds "9"]
[EventCountry "COL"]
[SourceTitle "CBM 171 Extra"]
[Source "ChessBase"]
[SourceDate "2016.04.26"]
[SourceVersion "1"]
[SourceVersionDate "2016.04.26"]
[SourceQuality "1"]

1. d4 Nf6 2. c4 c5 3. d5 b5 4. cxb5 a6 5. e3 g6 6. Nc3 Bg7 7. e4 d6 8. a4 0-0 9. Bd2 e6 10. dxe6 Bxe6 11. Nf3 d5 12. exd5 Nxd5 13. Be2 axb5 14. Bxb5 Nxc3 15. Bxc3 Bxc3+ 16. bxc3 Qa5 17. Qc1 Bd5 18. 0-0 Bxf3 19. gxf3 Na6 20. Qe3 Nc7 21. Qxc5 Ne6 22. Qb4 Qc7 23. Rad1 Rac8 24. Rd3 Rfd8 25. Rfd1 Rxd3 26. Rxd3 Qe5 27. Re3 Qd5 28. Qe4 Qd1+ 29. Kg2 Rc5 30. h4 Rf5 31. Bc4 Nf4+ 32. Kh2 Qd2 33. Be2 Qe1 34. Qe8+ Kg7 0-1

[Event "Manizales Castro Memorial"]
[Site "Manizales"]
[Date "2015.12.20"]
[Round "7"]
[White "Gutierrez, Jhon Jaime"]
[Black "Nieto, Manuel Valerio Wald"]
[Result "1-0"]
[WhiteElo "1771"]
[BlackElo "2138"]
[PlyCount "49"]
[EventDate "2015.12.17"]
[EventType "swiss"]
[EventRounds "7"]
[EventCountry "COL"]
[SourceTitle "CBM 170 Extra"]
[Source "ChessBase"]
[SourceDate "2016.02.25"]
[SourceVersion "1"]
[SourceVersionDate "2016.02.25"]
[SourceQuality "1"]

1. d4 Nf6 2. e3 e6 3. Bd3 c5 4. c3 d5 5. f4 Nc6 6. Nf3 Be7 7. Nbd2 0-0 8. 0-0 a6 9. Ne5 Qc7 10. Qf3 b5 11. g4 Ne8 12. Qh3 g6 13. Ndf3 f5 14. gxf5 exf5 15. Bd2 Nd6 16. Rf2 Ne4 17. Rg2 Qd6 18. Kh1 Ra7 19. Rag1 Bf6 20. Be1 Rg7 21. Qh6 Ne7 22. h4 Bd7 23. h5 Be8 24. Rh2 g5 25. Bxe4 1-0

[Event "Manizales Castro Memorial"]
[Site "Manizales"]
[Date "2015.12.17"]
[Round "1"]
[White "Nieto Medina, Agustin"]
[Black "Nieto, Manuel Valerio Wald"]
[Result "1-0"]
[WhiteElo "1678"]
[BlackElo "2138"]
[PlyCount "121"]
[EventDate "2015.12.17"]
[EventType "swiss"]
[EventRounds "7"]
[EventCountry "COL"]
[SourceTitle "CBM 170 Extra"]
[Source "ChessBase"]
[SourceDate "2016.02.25"]
[SourceVersion "1"]
[SourceVersionDate "2016.02.25"]
[SourceQuality "1"]

1. e4 c5 2. Nf3 e6 3. d4 cxd4 4. Nxd4 a6 5. c4 Nf6 6. Nc3 Bb4 7. Bd3 Nc6 8. Nxc6 dxc6 9. 0-0 e5 10. Bg5 h6 11. Bh4 0-0 12. a3 Be7 13. Qc2 Be6 14. b4 a5 15. Rab1 axb4 16. axb4 Nd7 17. Bg3 Qc7 18. Nd1 Ra3 19. Ne3 Rfa8 20. Rb2 Bg5 21. c5 Bxe3 22. fxe3 Nf6 23. h3 Rd8 24. Be2 Rxe3 25. Bh4 Rd4 26. Bf2 Rxe2 27. Qxe2 Bc4 28. Qc2 Bxf1 29. Bxd4 exd4 30. Kxf1 Qf4+ 31. Kg1 Qe3+ 32. Qf2 Qc1+ 33. Kh2 d3 34. Ra2 Qg5 35. Ra8+ Kh7 36. Qf5+ Qxf5 37. exf5 Nd5 38. Ra2 Nxb4 39. Rd2 Na6 40. Rxd3 Nxc5 41. Rd6 f6 42. Kg1 Kg8 43. Kf1 Kf7 44. Ke2 Ke7 45. Rd4 b5 46. Rg4 Kf7 47. Ke3 Nd7 48. Rd4 Ne5 49. Rd8 c5 50. Rd5 c4 51. Rxb5 g5 52. Rb7+ Kg8 53. Kd4 h5 54. Kd5 g4 55. Ke6 Nd3 56. Kxf6 Nf4 57. hxg4 hxg4 58. Rg7+ Kf8 59. Rxg4 Nd5+ 60. Ke5 Ne3 61. Re4 1-0

[Event "Zipaquira la Sabana op 4th"]
[Site "Zipaquira"]
[Date "2015.11.13"]
[Round "1.1"]
[White "Nieto, Manuel Valerio Wald"]
[Black "Romero, Carlos Oswaldo"]
[Result "1-0"]
[WhiteElo "2138"]
[BlackElo "1600"]
[PlyCount "25"]
[EventDate "2015.11.13"]
[EventType "swiss"]
[EventRounds "7"]
[EventCountry "COL"]
[SourceTitle "EXT 2024"]
[Source "ChessBase"]
[SourceDate "2023.10.10"]
[SourceVersion "1"]
[SourceVersionDate "2023.10.10"]
[SourceQuality "1"]

1. d4 d5 2. c4 Nf6 3. cxd5 Qxd5 4. Nc3 Qd8 5. e4 Nc6 6. Nf3 Bg4 7. d5 Ne5 8. Bb5+ c6 9. Nxe5 Bxd1 10. dxc6 a6 11. c7+ axb5 12. cxd8Q+ Rxd8 13. Nxd1 1-0

[Event "Bogota University op 9th"]
[Site "Bogota"]
[Date "2015.10.10"]
[Round "5"]
[White "Torres, Juan Camilo"]
[Black "Nieto, Manuel Valerio Wald"]
[Result "1-0"]
[WhiteElo "2294"]
[BlackElo "2104"]
[PlyCount "105"]
[EventDate "2015.10.08"]
[EventType "swiss"]
[EventRounds "9"]
[EventCountry "COL"]
[SourceTitle "CBM 168 Extra"]
[Source "ChessBase"]
[SourceDate "2015.10.29"]
[SourceVersion "1"]
[SourceVersionDate "2015.10.29"]
[SourceQuality "1"]

1. d4 Nf6 2. Nf3 e6 3. c4 Bb4+ 4. Bd2 Qe7 5. g3 Nc6 6. Bg2 Bxd2+ 7. Nbxd2 0-0 8. 0-0 d6 9. e4 e5 10. d5 Nb8 11. Ne1 a5 12. Nd3 Na6 13. a3 Bg4 14. f3 Bd7 15. b4 c6 16. dxc6 bxc6 17. Qc2 Rfb8 18. Qc3 Be6 19. Nb3 axb4 20. axb4 d5 21. Nxe5 Nxb4 22. Rxa8 Rxa8 23. exd5 cxd5 24. c5 Na6 25. Ra1 Nc7 26. Rxa8+ Nxa8 27. Qa5 Nc7 28. Nd4 Nce8 29. Nec6 Qb7 30. Nb4 Qc7 31. Qxc7 Nxc7 32. Kf2 Kf8 33. Ke3 Nd7 34. Nxe6+ fxe6 35. c6 Nb8 36. Kd4 Nca6 37. Bf1 e5+ 38. Ke3 Nc7 39. f4 exf4+ 40. Kxf4 Ke7 41. Ke5 d4 42. Bd3 h6 43. Bc4 Ne8 44. Bd3 Nc7 45. Be2 Ne8 46. Bf3 Nc7 47. Nd5+ Kd8 48. Nf4 g5 49. Nd3 Nb5 50. Kd5 Kc7 51. Kc5 Na7 52. Nb4 d3 53. Nd5+ 1-0

[Event "Bogota University op 9th"]
[Site "Bogota"]
[Date "2015.10.08"]
[Round "2"]
[White "Nieto, Manuel Valerio Wald"]
[Black "Cuellar Canosa, Nicolas"]
[Result "1-0"]
[WhiteElo "2104"]
[BlackElo "1384"]
[PlyCount "74"]
[EventDate "2015.10.08"]
[EventType "swiss"]
[EventRounds "9"]
[EventCountry "COL"]
[SourceTitle "CBM 168 Extra"]
[Source "ChessBase"]
[SourceDate "2015.10.29"]
[SourceVersion "1"]
[SourceVersionDate "2015.10.29"]
[SourceQuality "1"]

1. d4 Nf6 2. c4 c5 3. d5 b5 4. cxb5 a6 5. bxa6 g6 6. Nc3 Bxa6 7. g3 Bg7 8. Bg2 d6 9. Nf3 0-0 10. 0-0 Nbd7 11. Rb1 Nb6 12. b3 Nbd7 13. Qc2 Qb6 14. Re1 Rfb8 15. Bd2 Ra7 16. Bf1 Qb7 17. e4 Ng4 18. a4 Nge5 19. Nxe5 Nxe5 20. Kg2 Bxf1+ 21. Rxf1 Qa6 22. Nb5 Rab7 23. f4 Nd7 24. Bc3 f6 25. Qe2 Rxb5 26. axb5 Rxb5 27. b4 Qb7 28. Qc4 Qa6 29. Ra1 Qb6 30. Ra4 Qb7 31. Rfa1 Kf7 32. Ra7 Qb8 33. Rxd7 Rb7 34. Rxb7 Qxb7 35. bxc5 dxc5 36. d6+ Kf8 37. d7 Qxd7 1-0

[Event "Tocancipa 1st"]
[Site "Tocancipa"]
[Date "2015.09.26"]
[Round "7"]
[White "Nieto, Manuel Valerio Wald"]
[Black "Torres Rojas, Yuber Andres"]
[Result "1-0"]
[WhiteElo "2103"]
[BlackElo "2097"]
[PlyCount "35"]
[EventDate "2015.09.18"]
[EventType "tourn"]
[EventRounds "10"]
[EventCountry "COL"]
[SourceTitle "EXT 2018"]
[Source "ChessBase"]
[SourceDate "2017.10.13"]
[SourceVersion "1"]
[SourceVersionDate "2017.10.13"]
[SourceQuality "1"]

1. d4 d5 2. c4 e6 3. Nc3 Nf6 4. Nf3 Be7 5. Bf4 b6 6. e3 0-0 7. Bd3 Bb7 8. 0-0 dxc4 9. Bxc4 c5 10. Rc1 cxd4 11. Nxd4 Nc6 12. Nxc6 Bxc6 13. Qb3 Qc8 14. Nb5 Qb7 15. f3 Rfd8 16. Nc7 Nd5 17. Ba6 Qb8 18. Rxc6 1-0

[Event "Bogota Distrital-ch 77th"]
[Site "Bogota"]
[Date "2015.04.30"]
[Round "1"]
[White "Acosta, Alejandro"]
[Black "Nieto, Manuel Valerio Wald"]
[Result "1/2-1/2"]
[WhiteElo "2287"]
[BlackElo "2086"]
[PlyCount "82"]
[EventDate "2015.04.30"]
[EventType "swiss"]
[EventRounds "7"]
[EventCountry "COL"]
[SourceTitle "CBM 166 Extra"]
[Source "ChessBase"]
[SourceDate "2015.06.18"]
[SourceVersion "1"]
[SourceVersionDate "2015.06.18"]
[SourceQuality "1"]

1. e4 c5 2. Nc3 e6 3. Nge2 a6 4. d4 cxd4 5. Nxd4 Qc7 6. Bd3 Nc6 7. Nxc6 dxc6 8. 0-0 e5 9. f4 Bc5+ 10. Kh1 Nf6 11. f5 b5 12. a4 Bb7 13. Qe2 Bb6 14. Bg5 b4 15. Nb1 a5 16. Nd2 Bd4 17. Rab1 h6 18. Bh4 Nd7 19. Bc4 Nb6 20. b3 Nxc4 21. Nxc4 Ba6 22. Rf3 f6 23. Rg3 0-0-0 24. Nd6+ Rxd6 25. Qxa6+ Kb8 26. Rd1 Rhd8 27. Rgd3 Qa7 28. Qxa7+ Kxa7 29. g4 Kb6 30. Kg2 c5 31. Kf3 c4 32. R3d2 Rc6 33. Ke2 Rdc8 34. Bf2 Bxf2 35. Kxf2 cxb3 36. cxb3 Rc3 37. Rd5 R8c5 38. Rxc5 Kxc5 39. Rd5+ Kb6 40. Rd6+ Kc5 41. Rd5+ Kb6 1/2-1/2

[Event "Bogota Triduo op"]
[Site "Bogota"]
[Date "2015.04.05"]
[Round "9"]
[White "Nieto, Manuel Valerio Wald"]
[Black "Dominguez Rincon, Miller Duvan"]
[Result "1-0"]
[WhiteElo "2050"]
[BlackElo "2105"]
[PlyCount "57"]
[EventDate "2015.04.01"]
[EventType "swiss"]
[EventRounds "9"]
[EventCountry "COL"]
[SourceTitle "CBM 165 Extra"]
[Source "ChessBase"]
[SourceDate "2015.04.21"]
[SourceVersion "1"]
[SourceVersionDate "2015.04.21"]
[SourceQuality "1"]

1. d4 d5 2. c4 e6 3. Nc3 Nf6 4. Nf3 Nbd7 5. Bg5 h6 6. Bh4 Bb4 7. e3 g5 8. Bg3 Ne4 9. Qc2 c6 10. Bd3 Nxg3 11. hxg3 b6 12. a3 Bd6 13. cxd5 exd5 14. Nxd5 Bb7 15. Nc3 Qe7 16. Ne4 Bc7 17. Nexg5 0-0-0 18. Ne4 Rhe8 19. 0-0-0 Kb8 20. Kb1 c5 21. Nc3 cxd4 22. Nxd4 Nc5 23. Bb5 Ne4 24. Bxe8 Rxe8 25. Rxh6 Ka8 26. Ncb5 Bb8 27. Nc6 Qg5 28. Qa4 Qxh6 29. Nc7+ 1-0

[Event "COL-ch U20"]
[Site "Bogota"]
[Date "2015.03.14"]
[Round "5"]
[White "Nieto, Manuel Valerio Wald"]
[Black "Cadavid, Juan Miguel"]
[Result "1-0"]
[WhiteElo "2026"]
[BlackElo "1902"]
[PlyCount "67"]
[EventDate "2015.03.12"]
[EventType "swiss"]
[EventRounds "7"]
[EventCountry "COL"]
[SourceTitle "CBM 165 Extra"]
[Source "ChessBase"]
[SourceDate "2015.04.21"]
[SourceVersion "1"]
[SourceVersionDate "2015.04.21"]
[SourceQuality "1"]

1. d4 d5 2. c4 e6 3. Nc3 Nf6 4. Nf3 Bb4 5. Bg5 h6 6. Bh4 g5 7. Bg3 Ne4 8. Qc2 c5 9. e3 Qa5 10. Rc1 Nc6 11. Be2 g4 12. Nd2 Nxg3 13. hxg3 cxd4 14. Nb3 Qb6 15. exd4 dxc4 16. Bxc4 Nxd4 17. Nxd4 Qxd4 18. Qa4+ Bd7 19. Qxb4 Rc8 20. Ne2 Qe4 21. Qc3 Rg8 22. 0-0 b5 23. Bd3 Qb7 24. Qb4 Bc6 25. Bxb5 Bxb5 26. Rxc8+ Qxc8 27. Qxb5+ Kf8 28. Rc1 Qd8 29. Qb4+ Kg7 30. Qxg4+ Kh7 31. Qe4+ Kg7 32. Nf4 Qg5 33. Rc7 Kh8 34. Rxf7 1-0

[Event "COL-ch U20"]
[Site "Bogota"]
[Date "2015.03.13"]
[Round "3"]
[White "Nieto, Manuel Valerio Wald"]
[Black "Zuleta, Juan Carlos"]
[Result "1-0"]
[WhiteElo "2026"]
[BlackElo "1867"]
[PlyCount "71"]
[EventDate "2015.03.12"]
[EventType "swiss"]
[EventRounds "7"]
[EventCountry "COL"]
[SourceTitle "CBM 165 Extra"]
[Source "ChessBase"]
[SourceDate "2015.04.21"]
[SourceVersion "1"]
[SourceVersionDate "2015.04.21"]
[SourceQuality "1"]

1. d4 c5 2. d5 e5 3. e4 d6 4. Nf3 g6 5. h3 Bg7 6. Bd3 Ne7 7. 0-0 0-0 8. c4 f5 9. Nc3 f4 10. a3 h6 11. b4 g5 12. Nh2 b6 13. bxc5 bxc5 14. Rb1 Nd7 15. Bd2 Nf6 16. Rb3 h5 17. Be2 Ba6 18. Qc2 Qd7 19. Rfb1 g4 20. Nb5 f3 21. gxf3 gxh3 22. Kh1 Kf7 23. f4 exf4 24. Bxf4 Ng4 25. Nxg4 hxg4 26. Nxd6+ Kg8 27. Bg3 Bd4 28. Qd2 Rxf2 29. Qg5+ Kh7 30. Qh4+ Kg7 31. Bxf2 Bxf2 32. Qxf2 Qxd6 33. Rg3 Rf8 34. Rxg4+ Ng6 35. Qg3 Qxg3 36. Rxg3 1-0

[Event "COL-ch U20"]
[Site "Bogota"]
[Date "2015.03.12"]
[Round "2"]
[White "Hernandez Sanchez, Jairo Andres"]
[Black "Nieto, Manuel Valerio Wald"]
[Result "1-0"]
[WhiteElo "2366"]
[BlackElo "2026"]
[PlyCount "69"]
[EventDate "2015.03.12"]
[EventType "swiss"]
[EventRounds "7"]
[EventCountry "COL"]
[SourceTitle "CBM 165 Extra"]
[Source "ChessBase"]
[SourceDate "2015.04.21"]
[SourceVersion "1"]
[SourceVersionDate "2015.04.21"]
[SourceQuality "1"]

1. e4 c5 2. Nf3 e6 3. c3 d5 4. e5 Bd7 5. d4 a6 6. a3 cxd4 7. cxd4 Bb5 8. Bxb5+ axb5 9. 0-0 Ne7 10. Bg5 Qb6 11. Nc3 h6 12. Bxe7 Bxe7 13. Qd3 b4 14. axb4 Rxa1 15. Rxa1 Bxb4 16. Ne2 0-0 17. g4 Be7 18. h4 Nc6 19. g5 Qxb2 20. Rb1 Qa3 21. Rb3 Qa6 22. Qc2 b5 23. gxh6 gxh6 24. Qd2 Kg7 25. Nh2 Rh8 26. Qf4 b4 27. Rf3 Nd8 28. Ng3 Qa4 29. Nh5+ Kf8 30. Nf6 b3 31. Rg3 Bb4 32. Qc1 Nc6 33. Qxh6+ Ke7 34. Qxh8 Nxd4 35. Rg8 1-0

[Event "Mosquera op"]
[Site "Mosquera"]
[Date "2014.11.01"]
[Round "5"]
[White "Castillo Perez, Jaider Enrique"]
[Black "Nieto, Manuel Valerio Wald"]
[Result "1/2-1/2"]
[WhiteElo "1636"]
[BlackElo "2082"]
[PlyCount "83"]
[EventDate "2014.10.30"]
[EventType "swiss"]
[EventRounds "9"]
[EventCountry "COL"]
[SourceTitle "EXT 2015"]
[Source "ChessBase"]
[SourceDate "2014.11.20"]
[SourceVersion "1"]
[SourceVersionDate "2014.11.20"]
[SourceQuality "1"]

1. e4 c5 2. Nf3 g6 3. d4 cxd4 4. Nxd4 Bg7 5. Nc3 Nc6 6. Be3 Nf6 7. f3 d5 8. exd5 Nxd5 9. Nxc6 bxc6 10. Qd2 Nxc3 11. bxc3 0-0 12. Bh6 Qxd2+ 13. Bxd2 Rb8 14. Bd3 Rd8 15. Ke2 Be6 16. Rhb1 Be5 17. g3 Kf8 18. Be4 Bd5 19. Bxd5 cxd5 20. Rb3 Ke8 21. Rab1 Kd7 22. Rb7+ Kc6 23. Rxb8 Rxb8 24. Rb3 h5 25. Kd3 Rd8 26. Ra3 Rd7 27. Be3 Bb8 28. Rb3 Bd6 29. c4 d4 30. Bf4 e5 31. Bd2 f5 32. Bb4 Bc7 33. Ra3 Bb6 34. c5 Bxc5 35. Bxc5 Kxc5 36. Ra5+ Kd6 37. Ra6+ Kd5 38. Rxg6 e4+ 39. fxe4+ fxe4+ 40. Kd2 Rh7 41. c3 Rf7 42. cxd4 1/2-1/2

[Event "Mosquera op"]
[Site "Mosquera"]
[Date "2014.10.31"]
[Round "2"]
[White "Nieto, Manuel Valerio Wald"]
[Black "Leon, Gustavo"]
[Result "1-0"]
[WhiteElo "2082"]
[BlackElo "1834"]
[PlyCount "93"]
[EventDate "2014.10.30"]
[EventType "swiss"]
[EventRounds "9"]
[EventCountry "COL"]
[SourceTitle "EXT 2015"]
[Source "ChessBase"]
[SourceDate "2014.11.20"]
[SourceVersion "1"]
[SourceVersionDate "2014.11.20"]
[SourceQuality "1"]

1. d4 d5 2. c4 e6 3. Nc3 Nf6 4. cxd5 exd5 5. Bg5 c6 6. e3 Bf5 7. Qf3 Bg6 8. Bxf6 Qxf6 9. Qxf6 gxf6 10. Nf3 Bd6 11. Kd2 Nd7 12. Bd3 Rg8 13. g3 Nf8 14. Rhe1 0-0-0 15. Rac1 Bb4 16. a3 Bxc3+ 17. Rxc3 Be4 18. Nh4 Ng6 19. Nf5 Bxd3 20. Kxd3 h5 21. b4 Kd7 22. Nh6 Rg7 23. b5 Ne7 24. bxc6+ bxc6 25. g4 hxg4 26. Rb1 Rh8 27. Rb7+ Kd6 28. Rxe7 Rxh6 29. Rxa7 Rxh2 30. Rc2 Rh8 31. a4 Rb8 32. Ra6 Rb3+ 33. Kd2 g3 34. fxg3 Rxg3 35. Raxc6+ Kd7 36. Rc7+ Kd8 37. Rc8+ Ke7 38. R8c3 Rg2+ 39. Kd3 Rxc2 40. Kxc2 Rb7 41. a5 Kd6 42. Ra3 Ra7 43. Kc3 Kc6 44. Kb4 Rb7+ 45. Ka4 Rb2 46. Rc3+ Kd6 47. a6 1-0

[Event "Mosquera op"]
[Site "Mosquera"]
[Date "2014.10.31"]
[Round "3"]
[White "Ruge, Edison"]
[Black "Nieto, Manuel Valerio Wald"]
[Result "1-0"]
[WhiteElo "2220"]
[BlackElo "2082"]
[PlyCount "113"]
[EventDate "2014.10.30"]
[EventType "swiss"]
[EventRounds "9"]
[EventCountry "COL"]
[SourceTitle "EXT 2015"]
[Source "ChessBase"]
[SourceDate "2014.11.20"]
[SourceVersion "1"]
[SourceVersionDate "2014.11.20"]
[SourceQuality "1"]

1. e4 c5 2. Nc3 g6 3. f4 Bg7 4. Nf3 Nc6 5. Bb5 Nd4 6. 0-0 e6 7. d3 Ne7 8. Nxd4 cxd4 9. Ne2 a6 10. Ba4 b5 11. Bb3 Bb7 12. Qe1 0-0 13. Qf2 Nc6 14. f5 Ne5 15. h3 d5 16. f6 Bh8 17. exd5 Bxd5 18. Bxd5 Qxd5 19. Qxd4 Rac8 20. Bh6 Rfd8 21. Qxd5 Rxd5 22. Nc3 Rd7 23. a3 Nc6 24. Rf2 Nd4 25. g4 a5 26. Be3 b4 27. axb4 axb4 28. Bxd4 Rxd4 29. Ra4 h6 30. Ne4 g5 31. b3 Kh7 32. Ra5 Rd5 33. Ra7 Kg6 34. Rb7 Rd4 35. Rb5 Ra8 36. Kf1 Ra1+ 37. Kg2 Rc1 38. Rb8 Kh7 39. Rc8 Ra1 40. Rc4 Rxc4 41. bxc4 Kg6 42. c5 Ra6 43. Kf1 e5 44. Ke2 Ra2 45. Ke3 Ra3 46. Kd2 Ra6 47. Rf5 Ra1 48. Rxe5 Bxf6 49. Nxf6 Kxf6 50. Re4 Ra5 51. Rc4 Ke7 52. c6 Kd8 53. Rxb4 Rc5 54. Rb6 f5 55. gxf5 Rxf5 56. c7+ Kxc7 57. Rxh6 1-0

[Event "Arlington DC op 2nd"]
[Site "Arlington"]
[Date "2014.06.27"]
[Round "4"]
[White "Nieto, Manuel Valerio Wald"]
[Black "Nguyen, Trung"]
[Result "1-0"]
[WhiteElo "2057"]
[BlackElo "1941"]
[PlyCount "165"]
[EventDate "2014.06.26"]
[EventType "swiss"]
[EventRounds "9"]
[EventCountry "USA"]
[SourceTitle "CBM 161 Extra"]
[Source "ChessBase"]
[SourceDate "2014.08.29"]
[SourceVersion "1"]
[SourceVersionDate "2014.08.29"]
[SourceQuality "1"]

1. d4 Nf6 2. c4 g6 3. Nc3 Bg7 4. Nf3 0-0 5. Bf4 d6 6. h3 Nbd7 7. e3 c6 8. Be2 a6 9. a4 a5 10. 0-0 Nb8 11. e4 Na6 12. Qd2 Nb4 13. Rad1 Ne8 14. d5 cxd5 15. cxd5 Bd7 16. Rc1 Nc7 17. e5 dxe5 18. Nxe5 Nca6 19. d6 exd6 20. Qxd6 Be6 21. Ne4 Bd5 22. Qxd8 Raxd8 23. Bxa6 Nxa6 24. Rfe1 Nb4 25. Rc7 Bxe4 26. Rxe4 Nd5 27. Rc5 Rfe8 28. Bg3 b6 29. Rcc4 f5 30. Re1 f4 31. Bh4 Rd6 32. Nf3 Rxe1+ 33. Nxe1 Bxb2 34. Nd3 Ba1 35. Bg5 Ne3 36. fxe3 Rxd3 37. Bxf4 Rd1+ 38. Kf2 Rb1 39. Rc8+ Kf7 40. Rc7+ Kg8 41. Rc8+ Kf7 42. Rc7+ Kf8 43. Rxh7 Kg8 44. Rb7 Rb4 45. Bc7 Rxa4 46. Rxb6 Kf7 47. Ra6 Ra2+ 48. Kf3 a4 49. g3 Bf6 50. Ke4 Be7 51. Ke5 a3 52. Bd6 Bxd6+ 53. Kxd6 Rd2+ 54. Ke5 a2 55. Ra7+ Ke8 56. e4 Rg2 57. Ke6 Kd8 58. g4 Kc8 59. e5 Rb2 60. Kf6 Kb8 61. Ra3 Re2 62. e6 Kc7 63. g5 Kd6 64. Ra6+ Kd5 65. Kf7 Rxe6 66. Rxa2 Rb6 67. Rf2 Ke5 68. Rf6 Rb3 69. Kxg6 Rxh3 70. Rf1 Rg3 71. Re1+ Kf4 72. Rf1+ Kg4 73. Ra1 Rb3 74. Ra4+ Kg3 75. Kh6 Rb6+ 76. g6 Rb8 77. g7 Kh3 78. Kh7 Rb5 79. g8Q Rh5+ 80. Kg7 Rg5+ 81. Kf7 Rf5+ 82. Ke6 Kh2 83. Rh4# 1-0